[Event "US Amateur Team East"]
[Site "Parsippany USA"]
[Date "2005.03.20"]
[Round "3"]
[White "Bonin,J"]
[Black "Brown,Do"]
[Result "1-0"]
[WhiteElo "2343"]
[BlackElo "2240"]

1.d4 d5 2.Bg5 Nf6 3.Bxf6 exf6 4.e3 Nc6 5.c4 Bb4+ 6.Nc3 Be6 7.cxd5 Qxd5 8.Ne2 O-O-O
9.a3 Bxc3+ 10.Nxc3 Qd6 11.Rc1 Bd5 12.Be2 Rhe8 13.O-O f5 14.Na4 Qe7 15.Nc5 Qd6
16.Qd3 Be4 17.Nxe4 Rxe4 18.Bf3 Qe5 19.Qc2  1-0

[Event "ch-EU"]
[Site "Cork IRL"]
[Date "2005.03.22"]
[Round "1"]
[White "Ui Laighleis,G"]
[Black "Arakhamia,K"]
[Result "0-1"]
[WhiteElo "1991"]
[BlackElo "2454"]

1.d4 Nf6 2.Bg5 d5 3.e3 g6 4.c3 Bg7 5.Nd2 Nbd7 6.Ngf3 O-O 7.Be2 Re8 8.O-O e5
9.dxe5 Nxe5 10.Nxe5 Rxe5 11.Nf3 Re8 12.Qb3 c6 13.Rad1 h6 14.Bh4 Qb6 15.Nd4 Ne4
16.Bf3 Bd7 17.Qc2 Nd6 18.Bg3 Nc4 19.b3 Ne5 20.Be2 Rad8 21.Nf3 Bf5 22.Qc1 Nxf3+
23.Bxf3 Qa5 24.c4 dxc4 25.Qxc4 Qxa2 26.Bc7 Rc8 27.Bg3 Be6 28.Qb4 Qxb3 29.Qxb3 Bxb3
30.Rb1 Bc4 31.Rfc1 b5 32.Bg4 f5 33.Bd1 a5  0-1

[Event "XXXXII Open"]
[Site "La Roda ESP"]
[Date "2005.03.23"]
[Round "1"]
[White "Ojaos Penalver,A"]
[Black "Ubilava,E"]
[Result "0-1"]
[WhiteElo "2012"]
[BlackElo "2513"]

1.d4 Nf6 2.Bg5 d5 3.Nf3 Ne4 4.Bf4 Nd7 5.e3 Ndf6 6.Nbd2 c6 7.Bd3 Bg4 8.h3 Bh5
9.c3 Nxd2 10.Qxd2 Bxf3 11.gxf3 e6 12.Bg5 h6 13.Bxf6 Qxf6 14.f4 g5 15.O-O-O gxf4
16.exf4 h5 17.f5 Bh6 18.f4 O-O-O 19.Rdf1 Rhg8 20.Kb1 Rg3 21.Qe2 Rdg8 22.fxe6 Qxe6
23.Qxe6+ fxe6 24.Be2 Rf8 25.Bxh5 Rxf4 26.Rxf4 Bxf4 27.Re1 Kd7 28.Bg4 Be3
29.Kc2 Kd6 30.Bxe6 Rg2+ 31.Kb3 Bd2 32.Re5 Bc1 33.c4 Bxb2 34.cxd5 Bxd4 35.Rf5 b5
36.Bg8 Rg3+ 37.Kc2  0-1

[Event "Arcimpex Cup"]
[Site "Frydek Mistek CZE"]
[Date "2005.03.24"]
[Round "2"]
[White "Dambrauskas,V"]
[Black "Smolen,J"]
[Result "1/2-1/2"]
[WhiteElo "2307"]
[BlackElo "2356"]

1.d4 Nf6 2.Bg5 d5 3.Bxf6 exf6 4.e3 Be6 5.Nd2 Be7 6.Ngf3 O-O 7.c4 f5 8.Qb3 Nc6
9.c5 b6 10.Bb5 Na5 11.Qc3 a6 12.Ba4 Nc4 13.Nxc4 dxc4 14.Bc6 Rb8 15.d5 Bxd5
16.Rd1 Bf6 17.Qa3 Bxc6 18.Rxd8 Rfxd8 19.O-O Bb5 20.cxb6 cxb6 21.Rc1 a5 22.Nd4 Bxd4
23.exd4 Rxd4 24.Qe3 Rbd8 25.h3 R4d6  1/2-1/2

[Event "Technomont Cup"]
[Site "Frydek Mistek CZE"]
[Date "2005.03.25"]
[Round "3"]
[White "Karhanek,P"]
[Black "Toma,K"]
[Result "1-0"]
[WhiteElo "2216"]
[BlackElo "2224"]

1.d4 Nf6 2.Bg5 d5 3.e3 g6 4.Bxf6 exf6 5.Bd3 Bd6 6.Ne2 c6 7.c4 dxc4 8.Bxc4 f5
9.Nd2 Nd7 10.Qc2 Nf6 11.h3 O-O 12.O-O Qe7 13.Nc3 Re8 14.a4 a5 15.Bd3 Bc7
16.Rfe1 Qd6 17.Nf3 Be6 18.Ne5 Nd5 19.Nxd5 Bxd5 20.Bc4 Kg7 21.Bxd5 Qxd5 22.Nd3 h5
23.Qc5 Qe6 24.Rac1 Red8 25.Qc3 Qd5 26.b3 Kh7 27.Qc4 Rab8 28.Qxd5 Rxd5 29.Rc5 Rbd8
30.Rec1 Bb6 31.Rxd5 Rxd5 32.h4 Kg7 33.g3 Kf8 34.Kg2 Ba7 35.Kf3 Ke7 36.Rc2 Ke8
37.Ke2 Ke7 38.Nf4 Rd7 39.Kd3 Kd6 40.Kc4 Rc7 41.Kd3 Rd7 42.Ke2 Re7 43.Kf3 Re8
44.Nd3 Re7 45.Ne5 Kd5 46.Nc4 b6 47.Nb2 Rc7 48.Nd3 Kd6 49.Ne5 Kd5 50.Nd3 Kd6
51.Ne5 Kd5 52.Nd3 Kd6 53.Kf4 Re7 54.Kg5 c5 55.Kf6 Kd5 56.dxc5 Rc7 57.Rd2  1-0

[Event "XXVIII Open"]
[Site "San Sebastian ESP"]
[Date "2005.03.25"]
[Round "8"]
[White "Prie,E"]
[Black "Pogorelov,R"]
[Result "0-1"]
[WhiteElo "2439"]
[BlackElo "2472"]

1.d4 Nf6 2.Bg5 c5 3.dxc5 Na6 4.Qd4 e6 5.Nc3 Bxc5 6.Qh4 Be7 7.e4 Qa5 8.O-O-O Nb4
9.a3 Nc6 10.f4 a6 11.e5 Rf8 12.exf6  0-1

[Event "XXXXII Open"]
[Site "La Roda ESP"]
[Date "2005.03.26"]
[Round "7"]
[White "Ibarra Jerez,JC"]
[Black "Valmana Canto,J"]
[Result "1-0"]
[WhiteElo "2434"]
[BlackElo "2189"]

1.d4 Nf6 2.Bg5 c5 3.Nc3 cxd4 4.Qxd4 Nc6 5.Qh4 d6 6.O-O-O Be6 7.e4 Qa5 8.a3 h6
9.Bxf6 gxf6 10.Nd5 Bg7 11.Nh3 f5 12.Nhf4 Bxd5 13.Nxd5 fxe4 14.Qxe4 e6 15.Ne3 O-O-O
16.Qf4 Qe5 17.Qxe5 Nxe5 18.Be2 d5 19.f4 Nc6 20.Bh5 Rhf8 21.Rhf1 b5 22.Rd3 Kc7
23.Ng4 Kd6 24.f5 Ne5 25.f6 Nxd3+ 26.cxd3 Bh8 27.Nxh6 Rd7 28.g4 e5 29.g5 e4
30.Kd2 exd3 31.Re1 Rb7 32.Kxd3 a5 33.Kd4 b4 34.Nf5+ Kc6 35.a4 b3 36.Rc1+ Kd7
37.Kxd5 Rb6 38.Bg4 Bxf6 39.Nd6+  1-0

[Event "Open"]
[Site "Coventry ENG"]
[Date "2005.03.27"]
[Round "7"]
[White "Fowler,S"]
[Black "Zude,E"]
[Result "0-1"]
[WhiteElo "2116"]
[BlackElo "2399"]

1.d4 Nf6 2.Bg5 d5 3.Bxf6 exf6 4.e3 Be6 5.g3 c6 6.Nd2 Qb6 7.Qc1 Nd7 8.Bg2 Be7
9.Ne2 O-O 10.O-O Rfe8 11.b3 Qa6 12.c4 Bb4 13.Nf4 Qa5 14.Rd1 Bc3 15.cxd5 cxd5
16.Rb1 Rac8 17.Nf1 Nb6 18.Qc2 Bg4 19.f3 Bd7 20.Qf2 Bf5 21.Rbc1 h6 22.Bh3 Bxh3
23.Nxh3 Rc6 24.Rc2 Rec8 25.Rdc1 Qb5 26.Nf4 a5 27.Qe2 Qxe2 28.Nxe2 Bb4 29.Rxc6 bxc6
30.Nf4 Kf8 31.Rc2 Ke7 32.Nd3 Bd6 33.Nc5 h5 34.Nd2 Nd7 35.Nxd7 Kxd7 36.Nb1 f5
37.Nc3 Re8 38.Kf2 g6 39.Na4 Kc7 40.Nc3 Kb7 41.Na4 h4 42.Rc1 Kc7 43.Nc3 Kd7
44.Na4 Kc7 45.Nc3 Kb7 46.Na4 h3 47.Nc5+ Kc7 48.Nd3 g5 49.f4 f6 50.Kf3 Re7
51.Rc2 Kb6 52.Rc3 Ba3 53.Rc2 Kb5 54.Nc5 Bb4 55.Nd3 Bd6 56.Rc1 Kb6 57.Rc2 Ra7
58.Rd2 a4 59.bxa4 Rxa4 60.g4 gxf4 61.Nxf4 fxg4+ 62.Kxg4 Bxf4 63.Kxf4 Kb5
64.Kg4 Ra3 65.Re2 Kc4 66.Kxh3 Kd3 67.Rg2 f5 68.Kh4 Ke4 69.Kg5 Rxe3 70.Rf2 Kxd4
71.Kxf5 Re8 72.Rg2 c5 73.h4 c4 74.Rd2+ Kc5 75.h5 d4 76.h6 c3 77.Rh2 d3 78.h7 d2
79.h8=Q Rxh8 80.Rxh8 d1=Q 81.Rc8+ Kb4 82.a3+ Kb3  0-1

[Event "ch-FRA Top 16 GpA"]
[Site "Noyon FRA"]
[Date "2005.04.01"]
[Round "5"]
[White "Prie,E"]
[Black "Sokolov,And1"]
[Result "1/2-1/2"]
[WhiteElo "2439"]
[BlackElo "2582"]

1.d4 Nf6 2.Bg5 d5 3.e3 g6 4.Nd2 Bg7 5.c3 Nbd7 6.Ngf3 c5 7.a4 O-O 8.a5 Ne4
9.Nxe4 dxe4 10.Nd2 h6 11.Bh4 cxd4 12.cxd4 f5 13.f4 exf3 14.Nxf3 Nf6 15.Ne5 Kh7
16.Bd3 Ne4 17.O-O Be6 18.Bxe4 fxe4 19.Rxf8 Qxf8 20.Qc2 Bd5 21.Qc5 e6 22.Be7 Qc8
23.Qb4 Qc2 24.Ng4 Rc8 25.Nf6+ Kh8 26.Nxd5 exd5 27.Qxb7 Rc7 28.Qxd5 Kh7 29.Bh4 Qd3
30.Re1 Rc1 31.Qf7 Qxe3+ 32.Kf1  1/2-1/2

[Event "3rd ch-GER Internet Blitz Candidates"]
[Site "playchess INT"]
[Date "2005.04.02"]
[Round "2"]
[White "Huch,R"]
[Black "Kopylov,M"]
[Result "1-0"]
[WhiteElo "2325"]
[BlackElo "2430"]

1.d4 Nf6 2.Bg5 c5 3.d5 Ne4 4.Bc1 g6 5.f3 Qa5+ 6.c3 Nd6 7.e4 Bg7 8.a4 O-O
9.Bf4 f5 10.Bxd6 exd6 11.exf5 Rxf5 12.Nd2 Qd8 13.Bd3 Rf8 14.Ne2 b6 15.O-O Ba6
16.Bxa6 Nxa6 17.Nc4 Qe7 18.Ng3 Nc7 19.Qd3 Ne8 20.Rfe1 Qf6 21.Ne4 Qf4 22.Qe3 Be5
23.Qxf4 Rxf4 24.Rad1 Rb8 25.Rd3 Rf5 26.g3 a6 27.f4 b5 28.Ne3 Bg7 29.Nxf5 gxf5
30.Nd2 Kf7 31.axb5 axb5 32.Rde3 Bf6 33.Nf3 Nc7 34.Ng5+ Bxg5 35.fxg5 Nxd5
36.Rd3 Nb6 37.Rxd6 Rb7 38.b3 Nc8 39.Rf6+ Kg7 40.Re8 Rc7 41.h4 d5 42.h5 h6
43.Rff8 hxg5 44.Rxc8  1-0

[Event "3rd ch-GER Internet Blitz Candidates"]
[Site "playchess INT"]
[Date "2005.04.02"]
[Round "5"]
[White "Heyken,E"]
[Black "Schoeneberg,M"]
[Result "1-0"]
[WhiteElo "2331"]
[BlackElo "2326"]

1.d4 Nf6 2.Bg5 c5 3.Bxf6 exf6 4.Nc3 d5 5.Nf3 Nc6 6.e3 Bg4 7.dxc5 Qa5 8.Qxd5 Be6
9.Qe4 Bxc5 10.Bb5 O-O 11.Bxc6 bxc6 12.O-O Rab8 13.Rab1 Rfc8 14.a3 Bxa3 15.Nd4 Bd5
16.Qg4 h5 17.Qxh5 Bxb2 18.Nxd5 Qxd5 19.Nf5 Ba3 20.Rbd1 Qe6 21.Rd4 Rb4 22.Qg4 g6
23.Ne7+ Qxe7 24.Qxc8+ Kg7 25.Rfd1 c5 26.Rd7 Qe6 27.Qc7 Rg4 28.g3 Kg8 29.Rd8+ Kg7
30.Qb8 c4 31.Rg8+ Kh6 32.h3 Rxg3+ 33.Qxg3  1-0

[Event "3rd ch-GER Internet Blitz Candidates"]
[Site "playchess INT"]
[Date "2005.04.02"]
[Round "11"]
[White "Heyken,E"]
[Black "Enzmann,S"]
[Result "0-1"]
[WhiteElo "2331"]
[BlackElo "2204"]

1.d4 Nf6 2.Bg5 c5 3.Bxf6 gxf6 4.dxc5 Qa5+ 5.Nc3 Qxc5 6.e4 Bh6 7.Bd3 Rg8 8.Qf3 d6
9.h3 Nc6 10.Nge2 Ne5 11.Bb5+ Kf8 12.Qg3 Rxg3 13.Nxg3 a6 14.Be2 Bf4 15.Nh5 Ng6
16.g3 Be5 17.O-O Bxc3 18.bxc3 Bxh3 19.Rfd1 Ne5 20.Nf4 Bg4 21.Rab1 Bxe2 22.Nxe2 h5
23.Rd5 Qc4 24.Kf1 Qxe4 25.Rd4 Qh1+ 26.Ng1 Nf3  0-1

[Event "3rd ch-GER Internet Blitz Candidates"]
[Site "playchess INT"]
[Date "2005.04.02"]
[Round "14"]
[White "Polaczek,R"]
[Black "Heyken,E"]
[Result "1-0"]
[WhiteElo "2426"]
[BlackElo "2331"]

1.d4 Nf6 2.Bg5 c5 3.Bxf6 gxf6 4.d5 Qb6 5.Qc1 f5 6.g3 Bg7 7.c3 e5 8.Nf3 d6
9.Bh3 c4 10.Nh4 Qc5 11.Bxf5 Qxd5 12.e4 Qd3 13.Bxc8 Qxe4+ 14.Kd2 Bh6+ 15.f4 exf4
16.Qe1 Qe3+ 17.Qxe3+ fxe3+ 18.Ke2 Nd7 19.Nf5 Rxc8 20.Nxh6 Rc5 21.Na3 Nf6
22.Raf1 Ke7 23.Nf5+ Kd7 24.Nxd6 Kxd6 25.Rxf6+ Ke7 26.Rhf1 Rf8 27.R6f3 b5
28.Rxe3+ Kd7 29.Nc2 a5 30.Nd4 b4 31.Rf5 Rxf5 32.Nxf5 b3 33.a3 Rg8 34.Re4 Rg5
35.Ne3 Rh5 36.h4 f5 37.Rd4+ Ke6 38.Nxc4 f4 39.Rxf4 Rc5 40.Nd2 Re5+ 41.Kd3 Rd5+
42.Rd4 Rf5 43.Nxb3 Rf3+ 44.Kc4  1-0

[Event "3rd ch-GER Internet Blitz Candidates"]
[Site "playchess INT"]
[Date "2005.04.02"]
[Round "15"]
[White "Gramlich,S"]
[Black "Kopylov,M"]
[Result "1-0"]
[WhiteElo "2064"]
[BlackElo "2430"]

1.d4 Nf6 2.Bg5 c5 3.Bxf6 gxf6 4.c3 Qb6 5.Qd2 e6 6.e3 Nc6 7.Na3 cxd4 8.exd4 Bxa3
9.bxa3 d6 10.Nf3 Bd7 11.Bd3 f5 12.O-O Ne7 13.Rfe1 Rc8 14.Rab1 Qc7 15.c4 Rg8
16.Qh6 Qc6 17.d5 Qc5 18.Qxh7 Qxa3 19.Rb3 Qxa2 20.Rxb7 e5 21.Nxe5 dxe5 22.d6 Qd2
23.Rxe5 Qd1+ 24.Bf1 Qxd6 25.Qxg8+  1-0

[Event "3rd ch-GER Internet Blitz GpA"]
[Site "playchess INT"]
[Date "2005.04.03"]
[Round "1.2"]
[White "Gramlich,S"]
[Black "Movsesian,S"]
[Result "0-1"]
[WhiteElo "2064"]
[BlackElo "2624"]

1.d4 Nf6 2.Bg5 c5 3.d5 Ne4 4.Bc1 e5 5.Nd2 Nxd2 6.Qxd2 d6 7.e4 Be7 8.Nf3 O-O
9.Bd3 Bg4 10.c4 h6 11.a3 Bxf3 12.gxf3 Bg5 13.Qe2 Nd7 14.Be3 Nf6 15.h4 Bxe3
16.fxe3 a6 17.O-O-O Kh8 18.Rdg1 Rg8 19.f4 Qe7 20.Rg2 Rae8 21.Re1 Qd7 22.Qf3 b5
23.Reg1 bxc4 24.Bxc4 Qa4 25.Bd3 exf4 26.exf4 Nxe4 27.Bc2 Qc4 28.Qh5 Nf6 29.Rxg7 Qxc2+  0-1

[Event "3rd ch-GER Internet Blitz GpA"]
[Site "playchess INT"]
[Date "2005.04.03"]
[Round "2.2"]
[White "Gramlich,S"]
[Black "Umansky,M"]
[Result "0-1"]
[WhiteElo "2064"]
[BlackElo "2477"]

1.d4 Nf6 2.Bg5 d5 3.Bxf6 exf6 4.e3 Be7 5.c4 dxc4 6.Bxc4 O-O 7.Nc3 c5 8.d5 a6
9.a4 Bd6 10.Nf3 Bg4 11.h3 Bh5 12.Ne4 f5 13.Nxd6 Qxd6 14.O-O Nd7 15.Qc2 Bxf3
16.gxf3 g6 17.a5 Rfe8 18.Kg2 Rad8 19.Rfd1 Ne5 20.Bb3 Qf6 21.f4 Nd7 22.Rd2 Qd6
23.Ba4 Re4 24.Bxd7 Rxd7 25.Rc1 c4 26.b3 cxb3 27.Qxb3 Rb4 28.Rc8+ Kg7 29.Qc3+ Kh6
30.Rg8 f6 31.Kg3 Rb5 32.h4 Rxd5 33.Rxd5 Qxd5 34.Qxf6 Qxg8 35.h5 Qd8 36.Qe5 Qe7  0-1

[Event "IMA"]
[Site "Gausdal NOR"]
[Date "2005.04.13"]
[Round "1"]
[White "Cooksey,P"]
[Black "Kveinys,A"]
[Result "0-1"]
[WhiteElo "2252"]
[BlackElo "2539"]

1.d4 Nf6 2.Bg5 d5 3.Bxf6 exf6 4.e3 Bd6 5.g3 O-O 6.Bg2 c6 7.Ne2 f5 8.O-O Nd7
9.b3 Nf6 10.c4 dxc4 11.bxc4 h5 12.h4 Ng4 13.Nd2 c5 14.Nf3 Qe7 15.Nf4 Bxf4
16.exf4 cxd4 17.Qxd4 Rd8 18.Qb2 Be6 19.Ne5 Nxe5 20.Qxe5 Rac8 21.Bd5 Rc5 22.Qe2 g6
23.Rfe1 Rd6 24.Qb2 b6 25.Re3 Qf8 26.Bxe6 fxe6 27.Rae1 Kf7 28.Ra3 Rd7 29.Qe2 Qd6
30.Re3 Rc6 31.Qb2 Qd4 32.Qb5 Qxc4 33.Qxc4 Rxc4 34.Rxe6 Rc2 35.a4 Rc1 36.Rxc1 Kxe6
37.Rc6+ Rd6 38.Rc7 a5 39.Kg2 Kd5 40.f3 Rc6 41.Rd7+ Kc4 42.g4 Kb3 43.Rd4 Rf6
44.Kf2 b5 45.axb5 a4  0-1

[Event "ch-CUB GpB"]
[Site "Santa Clara CUB"]
[Date "2005.04.13"]
[Round "7"]
[White "Nogueiras,J"]
[Black "Hernandez,Rom"]
[Result "1-0"]
[WhiteElo "2533"]
[BlackElo "2367"]

1.d4 Nf6 2.Bg5 d5 3.e3 e6 4.Nf3 Be7 5.c4 O-O 6.Nc3 c6 7.Bd3 Nbd7 8.O-O dxc4
9.Bxc4 Nd5 10.Bxe7 Qxe7 11.Ne4 N5f6 12.Ng3 b6 13.e4 Rd8 14.Re1 Bb7 15.Qd2 Nf8
16.Rad1 Ng6 17.h4 h6 18.h5 Nf8 19.a3 Qc7 20.Qe2 c5 21.Rc1 Rac8 22.Ba6 Bxa6
23.Qxa6 Qb8 24.dxc5 Rxc5 25.Rxc5 bxc5 26.Qe2 Qb3 27.Ne5 N8h7 28.Rc1 Qb6 29.Nc4 Qb5
30.Rc2 Ng5 31.Rc1  1-0

[Event "TCh-BEL 2004-5"]
[Site "Belgium BEL"]
[Date "2005.04.15"]
[Round "9"]
[White "Dal Borgo,A"]
[Black "Maenhout,T"]
[Result "1/2-1/2"]
[WhiteElo "2149"]
[BlackElo "2084"]

1.d4 Nf6 2.Bg5 c5 3.Bxf6 gxf6 4.d5 Qb6 5.Qc1 f5 6.c4 Bg7 7.Nc3 Qf6 8.e3 d6
9.Nge2 Nd7 10.Nf4 Bh6 11.Qc2 Ne5 12.Be2 Bd7 13.h3 Rg8 14.g3 Rb8 15.Nh5 Qh8
16.Rd1 Ng6 17.Bd3 Ne5 18.Be2 Ng6 19.Bd3  1/2-1/2

[Event "CES"]
[Site "Northeim GER"]
[Date "2005.04.17"]
[Round "7"]
[White "Erdogan,U"]
[Black "Schwetje,J"]
[Result "1/2-1/2"]
[WhiteElo "2242"]
[BlackElo "2183"]

1.d4 Nf6 2.Bg5 d5 3.Nd2 e6 4.e4 Be7 5.exd5 exd5 6.Bd3 h6 7.Bxf6 Bxf6 8.Qe2+ Be6
9.Ngf3 O-O 10.O-O Bg4 11.Qe3 Nc6  1/2-1/2

[Event "IMB"]
[Site "Gausdal NOR"]
[Date "2005.04.18"]
[Round "6"]
[White "Loeffler,S"]
[Black "Scholseth,T"]
[Result "1/2-1/2"]
[WhiteElo "2429"]
[BlackElo "2213"]

1.d4 Nf6 2.Bg5 d5 3.e3 e6 4.c4 Be7 5.Nc3 O-O 6.Rc1 Nbd7 7.cxd5 exd5 8.Bd3 c6
9.Qc2 Re8 10.Nge2 Ne4 11.Bxe4 dxe4 12.Bf4 Bb4 13.O-O Qe7 14.Rfd1 Nb6 15.h3 Qe6
16.d5 Qg6 17.dxc6 bxc6 18.Bg3 Ba6 19.Nf4 Qf5 20.a3 Bf8 21.Rd4 g5 22.Nxe4 gxf4
23.Bh4 Kh8 24.exf4 Bg7 25.g4 Qg6 26.f5 Qh6 27.f6 Qxh4 28.fxg7+ Kxg7 29.Nd6 Qxh3
30.Qf5 f6 31.Ne4 Rf8 32.Rd6 Rac8 33.Rdxc6 Rxc6 34.Rxc6 Bc8 35.Rc7+ Kh8 36.Qc5 Qxg4+
37.Ng3 Re8 38.Re7 Rxe7 39.Qxe7 Qd1+ 40.Kh2 Qg4 41.Qf8+ Qg8 42.Qxf6+ Qg7 43.Qd8+ Qg8
44.Qf6+ Qg7  1/2-1/2

[Event "TCh-RUS w"]
[Site "Sochi RUS"]
[Date "2005.04.19"]
[Round "1"]
[White "Stefanova,A"]
[Black "Kovalevskaya,E"]
[Result "1/2-1/2"]
[WhiteElo "2495"]
[BlackElo "2469"]

1.d4 Nf6 2.Bg5 d5 3.Bxf6 gxf6 4.c4 dxc4 5.e3 c5 6.Bxc4 cxd4 7.exd4 Bg7 8.Qh5 O-O
9.Nf3 Nc6 10.d5 Ne5 11.Nxe5 fxe5 12.Nc3 Qb6 13.O-O Qg6 14.Qe2 Bf5 15.Rae1 Rac8
16.b3 Rxc4 17.bxc4 Bd3 18.Qe3 Bxc4 19.Qxa7 Bxf1 20.Rxf1 Qd3 21.Qc5 e4 22.Nd1 Re8
23.Re1 Qd2 24.Qe3 Qxd5 25.Qxe4 Rd8 26.Ne3  1/2-1/2

[Event "IMB"]
[Site "Gausdal NOR"]
[Date "2005.04.20"]
[Round "8"]
[White "Loeffler,S"]
[Black "Arsenault,N"]
[Result "1-0"]
[WhiteElo "2429"]
[BlackElo "2159"]

1.d4 Nf6 2.Bg5 c5 3.Bxf6 gxf6 4.d5 Qb6 5.Qc1 f5 6.g3 Bg7 7.c3 d6 8.Bg2 Nd7
9.Nh3 Nf6 10.Nd2 Bd7 11.Qc2 O-O-O 12.a4 Kb8 13.Nc4 Qa6 14.Ne3 e6 15.O-O Bh6
16.f4 Rde8 17.Rfe1 Rhg8 18.Nf2 Nh5 19.Kh1 Nxg3+ 20.hxg3 Rxg3 21.Nf1 Rg6 22.e3 Reg8
23.Bf3 Qb6 24.Nh2 c4 25.Qe2 e5 26.Qxc4 exf4 27.Qd4 Qd8 28.exf4 Qh4 29.Nd3 Rg3
30.Rg1 Rxg1+ 31.Rxg1 Rxg1+ 32.Kxg1 Qg3+ 33.Kh1 Bg7 34.Qg1 Qxg1+ 35.Kxg1 Bxa4
36.Kf2 Bb5 37.Ke3 a5 38.Bh5 f6 39.Nf3 h6 40.Nc1 Kc7  1-0

[Event "GMB"]
[Site "Gausdal NOR"]
[Date "2005.04.21"]
[Round "9"]
[White "Ward,C"]
[Black "Michalczak,T"]
[Result "1/2-1/2"]
[WhiteElo "2485"]
[BlackElo "2369"]

1.d4 Nf6 2.Bg5 d5 3.Nd2 Nbd7 4.e3 e5 5.Ngf3 exd4 6.Nxd4 c5 7.N4f3 Be7 8.Be2 O-O
9.O-O b6 10.c4 Bb7 11.cxd5 Nxd5 12.Bxe7 Qxe7 13.Qa4 N7f6 14.a3 Rfd8 15.Rfe1 Rac8
16.Rad1 Bc6 17.Qh4 Ne8 18.Qxe7 Nxe7 19.Ne5 Bb7 20.Bg4 Ra8 21.Ndc4 Nf6 22.Bh3 Nc6
23.g3 Nxe5 24.Nxe5 Kf8 25.f3 Ba6 26.Kf2 Bb5 27.e4 Ba4 28.Rxd8+ Rxd8 29.Ke3 Ke7
30.b3 Be8 31.Rc1 Ra8 32.Rd1 Rd8 33.Rc1 Ra8 34.Bf1 Nd7 35.Nc4 f6 36.f4 Bf7
37.Rd1 Be6 38.Be2 Rg8 39.h4 Nb8 40.b4 cxb4 41.axb4 Rc8 42.Nb2 Rc2 43.Rd2 Rc3+
44.Rd3 Rc2 45.Rd2 Rc3+ 46.Rd3  1/2-1/2

[Event "TCh-HUN w"]
[Site "Budapest HUN"]
[Date "2005.04.22"]
[Round "4"]
[White "Hoang Thanh Trang"]
[Black "Toth,Li"]
[Result "1-0"]
[WhiteElo "2470"]
[BlackElo "2164"]

1.d4 Nf6 2.Bg5 d5 3.Bxf6 gxf6 4.Nf3 c5 5.e3 Nc6 6.c4 dxc4 7.d5 Na5 8.Bxc4 Nxc4
9.Qa4+ Bd7 10.Qxc4 Qa5+ 11.Nc3 b5 12.Qxc5 e5 13.d6 Rc8 14.Qd5 Bg7 15.O-O O-O
16.a3 Rfd8 17.Qd3 Qb6 18.Rfd1 a6 19.Rac1 Kh8 20.h3 Be6 21.Nh4 Rc4 22.e4 Rd4
23.Qf3 Qxd6 24.Nd5 Bxd5 25.Nf5 Rxd1+ 26.Rxd1 Qc7 27.exd5 Bf8 28.Ng3 Bg7 29.d6 Qd7
30.Qd3 h6 31.Nf5 Rc8 32.g4 Bf8 33.Qe3 Kh7 34.Rc1 Rc4 35.Rxc4 bxc4 36.Qc5 Qe6
37.Qc6 h5 38.f3 hxg4 39.hxg4 Bh6 40.Qe4 Qd7 41.Qxc4 Bf4 42.Qc7 Qe6 43.d7 Qa2
44.Qc2  1-0

[Event "Open A"]
[Site "Djakovo CRO"]
[Date "2005.05.01"]
[Round "1"]
[White "Kovacevic,B"]
[Black "Dumpor,A"]
[Result "1/2-1/2"]
[WhiteElo "2510"]
[BlackElo "2324"]

1.d4 Nf6 2.Bg5 d5 3.e3 Nbd7 4.Nf3 e6 5.Nbd2 Be7 6.Bd3 O-O 7.O-O c5 8.c3 b6
9.Qb1 Bb7 10.a4 a6 11.b4 cxb4 12.cxb4 Rc8 13.a5 h6 14.Bxf6 Bxf6 15.Nb3 b5
16.Ra2 Qe7 17.Nc5 Nxc5 18.bxc5 e5 19.dxe5 Bxe5 20.Qb4 d4 21.Nxe5  1/2-1/2

[Event "Open A"]
[Site "Djakovo CRO"]
[Date "2005.05.02"]
[Round "2"]
[White "Sedlak,N"]
[Black "Palac,M"]
[Result "1-0"]
[WhiteElo "2514"]
[BlackElo "2574"]

1.d4 Nf6 2.Bg5 c5 3.d5 Qb6 4.Nc3 Qxb2 5.Bd2 Qb6 6.e4 d6 7.f4 Qd8 8.Nf3 a6
9.Bd3 g6 10.O-O Bg7 11.Qe1 O-O 12.Qh4 Bg4 13.Rae1 Bxf3 14.Rxf3 b5 15.Rh3 h5
16.Rg3 c4 17.Bf1 Nbd7 18.h3 b4 19.Nd1 c3 20.Bc1 Nh7 21.e5 dxe5 22.f5 Qb6+
23.Ne3 Rfe8 24.d6 Qd4 25.Qxd4 exd4 26.fxg6 dxe3 27.Bc4 Ne5 28.gxh7+ Kxh7
29.Bd5 Rad8 30.Rgxe3 Rxd6 31.Rxe5 Bxe5 32.Rxe5 Red8 33.Be4+ Kg7 34.Bf4 Re6
35.Rg5+ Kf6 36.Rf5+ Kg6 37.Rg5+ Kf6 38.Rf5+ Kg6 39.Be5 Kh6 40.Bd5 Rxe5 41.Rxe5 f6
42.Rf5 Kg6 43.g4 hxg4 44.hxg4 Rd6 45.Bc4 Rd4 46.Be2 Rd2 47.Bd3 e5 48.Rf2+ Kg5
49.Bxa6 Kxg4 50.Bd3 Kg5 51.Rf5+ Kg6 52.Rf2+ Kg5 53.Kf1 Rxf2+ 54.Kxf2 Kf4
55.Bg6 f5 56.Ke2 e4 57.Kf2 Ke5 58.Kg3 Kf6 59.Be8 Kg5 60.Bd7 f4+ 61.Kh3 Kf6
62.Kg4 Ke5 63.Bb5 f3 64.Kg3 Kf5 65.Bd7+ Ke5 66.Bh3 Kd5 67.Kf2 Kd4 68.Bc8 Kc5
69.Ke3 Kb5 70.Bd7+ Ka5 71.Bc6  1-0

[Event "Open A"]
[Site "Djakovo CRO"]
[Date "2005.05.02"]
[Round "2"]
[White "Doric,D"]
[Black "Martic,Z"]
[Result "1-0"]
[WhiteElo "2368"]
[BlackElo "2298"]

1.d4 Nf6 2.Bg5 c5 3.Bxf6 gxf6 4.d5 d6 5.c3 Na6 6.g3 Nc7 7.Bg2 Bd7 8.e3 b5
9.Ne2 h5 10.h4 Qc8 11.Nf4 Bg4 12.Qc2 Bh6 13.O-O Rb8 14.Kh2 a6 15.Nd2 Bxf4
16.exf4 Bf5 17.Qd1 Qb7 18.Re1 Bd3 19.Ne4 Bxe4 20.Bxe4 Kf8 21.Qe2 Re8 22.Bf3 Kg7
23.Rad1 f5 24.Qd3 Qc8 25.Re3 Qd7 26.b3 Kg6 27.c4 Rd8 28.Rde1 e6 29.dxe6 fxe6
30.Bc6 bxc4 31.bxc4 Qc8 32.Qb1 Rh7 33.Rb3 Rf7 34.Rb6 Re7 35.Re3 d5 36.Bb7 Qd7
37.Bxd5 Nxd5 38.cxd5 Qxd5 39.Rxa6 Kf7 40.Re5 Qf3 41.Rxf5+ Kg7  1-0

[Event "23rd Liechtenstein Open"]
[Site "Triesen LIE"]
[Date "2005.05.02"]
[Round "4"]
[White "Vasilev,M"]
[Black "Baumgartner,W"]
[Result "1-0"]
[WhiteElo "2403"]
[BlackElo "2110"]

1.d4 Nf6 2.Bg5 c5 3.Nc3 Qb6 4.d5 d6 5.e4 g6 6.Qd2 Bg7 7.Bb5+ Nbd7 8.a4 Qa5
9.Nf3 a6 10.Ra3 O-O 11.Be2 Qc7 12.Bh6 Ng4 13.Bxg7 Kxg7 14.h4 Nde5 15.Nxe5 dxe5
16.h5 Rh8 17.hxg6 hxg6 18.Rxh8 Kxh8 19.Nd1 Nf6 20.g4 Kg7 21.Rh3 Ng8 22.Qg5 Qd6
23.Qh4 Qf6 24.g5 Qb6 25.Qh8+  1-0

[Event "23rd Liechtenstein Open"]
[Site "Triesen LIE"]
[Date "2005.05.03"]
[Round "5"]
[White "Sucher,J"]
[Black "Laske,E"]
[Result "0-1"]
[WhiteElo "2189"]
[BlackElo "2043"]

1.d4 Nf6 2.Bg5 g6 3.Nd2 Bg7 4.e4 d6 5.f4 h6 6.Bh4 Nh5 7.Ne2 Bg4 8.Nf3 c5
9.c3 Bxf3 10.gxf3 cxd4 11.cxd4 O-O 12.Qb3 Nc6 13.Rd1 Qa5+ 14.Kf2 e5 15.fxe5 dxe5
16.d5 Qc5+ 17.Kg2 Nd4 18.Nxd4 exd4 19.Bd3 Nf4+ 20.Kf2 Nxd3+ 21.Qxd3 f5 22.Ke2 g5
23.Bf2 fxe4 24.fxe4 Rae8 25.Rhe1 Qxd5 26.Kf1 Qxa2 27.Re2 Qe6 28.Kg1 Qg4+
29.Bg3 h5 30.Rg2 Qxe4 31.Qb3+ Kh8 32.Bf2 Rf3 33.Qb5 Ref8 34.Qxg5 Qe5 35.Qxg7+ Qxg7
36.Rxg7 Kxg7 37.Bxd4+ Kf7 38.Bxa7 Rg8+ 39.Kh1 h4 40.Bc5 h3 41.b4 Rg2 42.Bd4 Ke6
43.b5 Rg4 44.Bg1 Ke5 45.b6 Ke6 46.Re1+ Kd5 47.Re7 Rb3 48.Rd7+ Kc6 49.Rc7+ Kb5
50.Rc5+ Ka6 51.Rh5 Ra3 52.Rh6 Ra1  0-1

[Event "ch-FRA Top 16 Poule Basse"]
[Site "Port Barcares FRA"]
[Date "2005.05.05"]
[Round "9"]
[White "Prie,E"]
[Black "Berthelot,Y"]
[Result "1/2-1/2"]
[WhiteElo "2447"]
[BlackElo "2322"]

1.d4 Nf6 2.Bg5 c5 3.Bxf6 gxf6 4.d5 Qb6 5.Qc1 f5 6.g3 Bg7 7.c3 e6 8.Bg2 Na6
9.Nh3 Nc7 10.Nf4 e5 11.Nd3 Bh6 12.e3 e4 13.Nf4 Bxf4 14.exf4 Nxd5 15.O-O Nf6
16.c4 d5 17.cxd5 Nxd5 18.Nc3 Nxc3 19.Qxc3 O-O 20.Rac1 Be6 21.Rfd1 Rad8 22.Qf6 Bc8
23.Qg5+ Kh8 24.Qe7 Kg7 25.Qe5+ Kg8 26.Rxd8 Rxd8 27.Bh3 Be6 28.Bxf5 Rd5 29.Qb8+ Rd8
30.Qe5 Rd5  1/2-1/2

[Event "62nd ch-GEO w"]
[Site "Tblisi GEO"]
[Date "2005.05.06"]
[Round "2"]
[White "Lomineishvili,M"]
[Black "Arakhamia,K"]
[Result "1/2-1/2"]
[WhiteElo "2396"]
[BlackElo "2452"]

1.d4 Nf6 2.Bg5 d5 3.e3 Ne4 4.Bf4 c5 5.Bd3 Nf6 6.c3 Nc6 7.Nd2 cxd4 8.exd4 g6
9.Ngf3 Bg7 10.O-O O-O 11.Re1 Nh5 12.Bg5 Qd6 13.Nf1 a6 14.Qd2 Bg4 15.Be2 f6
16.Be3 f5 17.Bh6 Bxh6 18.Qxh6 Bxf3 19.Bxf3 Nf6 20.Bd1 Rae8 21.Nd2 e5 22.dxe5 Nxe5
23.Bc2 d4 24.Qf4 dxc3 25.Nc4 Nxc4 26.Qxc4+ Kg7 27.Qxc3 Rc8 28.Qd3 Qxd3 29.Bxd3 Rfd8
30.Rad1 Rd5 31.g3 Rc7 32.Kg2 Kf8 33.Bb1 Rxd1 34.Rxd1 Ng4 35.Re1 Re7 36.Rxe7 Kxe7
37.h4 Ne5 38.Bc2 Kf6 39.Kf1 Nf3 40.Bd1 Nd4 41.Ke1 Ke5 42.Kd2 Ke4 43.Kc3 Nc6
44.Be2 Ne5 45.Kd2 f4 46.Bd1 fxg3 47.fxg3 Nc4+ 48.Kc3 Ne3 49.Bb3 Nf5 50.Bg8 h5
51.Kc4 b6 52.b4 Kf3 53.a4 Kxg3 54.a5 bxa5 55.bxa5 Nd6+ 56.Kc5 Nb7+ 57.Kb6 Nxa5
58.Bf7 Nc4+ 59.Bxc4 Kxh4 60.Bxa6 g5 61.Kc5 Kg3 62.Kd4 Kf2 63.Ke4 Kg3 64.Kf5 g4
65.Be2 Kh3 66.Kg5 g3 67.Bf3 g2  1/2-1/2

[Event "FSIM May"]
[Site "Budapest HUN"]
[Date "2005.05.07"]
[Round "1"]
[White "Lundin,J"]
[Black "Fodor,T jr"]
[Result "0-1"]
[WhiteElo "2259"]
[BlackElo "2269"]

1.d4 Nf6 2.Bg5 d5 3.Bxf6 exf6 4.e3 f5 5.c4 c6 6.Nc3 dxc4 7.Bxc4 Bd6 8.Nf3 O-O
9.Qc2 Nd7 10.h3 Nf6 11.O-O-O g6 12.Ne5 Qe7 13.f4 Be6 14.Bxe6 Qxe6 15.g4 fxg4
16.hxg4 Bxe5 17.dxe5 Nxg4 18.Rd6 Qc4 19.f5 Qc5 20.fxg6 Qxe3+ 21.Kb1 Qxe5
22.gxh7+ Kh8 23.Rd2 f5 24.Re2 Ne3 25.Qd3 f4 26.Rg1 Rf7 27.Ne4 Raf8 28.a3 Re7
29.Rg8+ Rxg8 30.hxg8=Q+ Kxg8 31.Qd8+ Kf7 32.Nd6+ Ke6 33.Rh2 Ng4 34.Qg8+ Kxd6
35.Rd2+ Kc5 36.Qxg4 Kb6 37.Rc2 Qe1+ 38.Rc1 Qe4+ 39.Ka1 Qe3 40.Qd1 a6 41.Rc4 Qe1
42.Qxe1 Rxe1+ 43.Ka2 f3 44.Rf4 Rf1 45.Kb3 Kc5 46.Kc3 b5 47.Kd2 a5 48.Kc2 a4
49.b3 axb3+ 50.Kxb3 f2 51.Kb2 Kb6 52.Rf3 c5 53.Rf6+ Ka5 54.Rf5 c4 55.Rf6 c3+
56.Kc2 Ra1  0-1